[Event "St Petersburg op"]
[Site "St Petersburg"]
[Date "1995.??.??"]
[Round "2"]
[White "Frolov, Denis"]
[Black "Gleizerov, Evgeny"]
[Result "1-0"]
[WhiteElo "2355"]
[BlackElo "2510"]
[Annotator "Svidler,P"]
[PlyCount "71"]
[EventDate "1995.05.??"]
[EventType "swiss"]
[EventRounds "9"]
[EventCountry "RUS"]
[SourceTitle "CBM 046 Extra"]
[Source "ChessBase"]
[SourceDate "1995.07.01"]
[SourceVersion "1"]
[SourceVersionDate "1995.07.01"]
[SourceQuality "1"]

1. e4 e6 2. d4 d5 3. Nc3 Nf6 4. Bg5 Be7 5. e5 Nfd7 6. h4 c5 (6... O-O 7. Nh3 c5
8. Bd3 g6 9. f4 cxd4 10. Nb1 Nc6 11. Nd2 Nc5 12. Nf2 f6 13. exf6 Bxf6 14. Bh6
Bg7 15. Bxg7 Kxg7 16. h5 g5 17. h6+ Kh8 $17 {Hector,J-Moskalenko,V/Copenhagen/
1995/0-1/62/}) 7. Bxe7 Kxe7 8. Qh5 (8. f4 Nc6 9. dxc5 Qa5 10. Nf3 Qxc5 11. Qd2
h6 12. O-O-O Rb8 13. Nb5 a6 14. Nbd4 Nxd4 15. Nxd4 $16 {Glek,I-Krings,G/Eupen
act/1994/1-0/23/}) 8... Nc6 9. dxc5 Ndxe5 10. O-O-O g6 (10... Qa5 $142 $5 11.
f4 (11. Qg5+ Kf8 12. Nf3 (12. Qe3 Nd7 13. Bb5 a6 14. Bxc6 bxc6 $17) 12... Nxf3
13. gxf3 Qxc5 (13... f6 14. Qe3 d4 15. Rxd4 Nxd4 16. Qxd4 $44) 14. Rg1 g6 15.
Ne4 Qe7 16. Qh6+ Kg8 $17 (16... Ke8 17. Qg7 Qf8 (17... Rf8 18. Nf6+ Kd8 19.
Nxh7))) (11. Bb5 d4 (11... a6 12. Bxc6 Nxc6 13. Nf3 Qxc5 14. Rhe1 Kf8 15. Ng5
$16) 12. Bxc6 Nxc6 13. Ne4 Qxa2 14. Qg5+ (14. Rxd4 Nxd4 15. Qg5+ Kd7 16. Qxg7
Qa1+ 17. Kd2 Qxb2 18. Qxf7+ Kc6 $19) 14... Kf8 15. Rxd4 (15. Nc3 $6 Qa5 $17)
15... f6 16. Nxf6 Nxd4 17. Nh5 Qa1+ 18. Kd2 Qa5+ 19. Kd1 Qc7 $19) 11... Nd7 12.
f5 Nf6 (12... Nxc5 13. Nf3 $44 (13. Qg5+ Kf8 14. f6 g6 (14... gxf6 15. Qxf6 Rg8
16. Nf3 $44) 15. Qh6+ Ke8 16. Qg7 Rf8 17. Nf3 $36)) 13. Qg5 (13. Qe2 Qxc5 14.
g4 d4 $19) 13... Qxc5 14. Nf3 (14. Qxg7 Qe3+ 15. Kb1 Rg8 16. Rh3 Qxg1 $19)
14... h6 15. Qg3 (15. Qxg7 Qe3+ 16. Kb1 Rg8 17. Rd3 Qxd3 18. Qxf6+ Kxf6 19.
Bxd3 Rxg2 $19) 15... Qd6 16. Qxg7 (16. Qe1 Qf4+ 17. Kb1 Qxf5 18. Bd3 Qf4 $17)
16... Bd7 $1 {/\ 17...Rag8} (16... Qf4+ 17. Kb1 Rg8 18. Nxd5+ exd5 19. Re1+ Ne5
(19... Qe4 $2 20. Qxh6 $18) 20. Rxe5+ Qxe5 21. Qxg8 Nxg8 (21... Qxb2+ 22. Kxb2
Nxg8 23. g4 $14) 22. Nxe5 Bxf5 $14)) 11. Qh6 (11. Qe2 d4 12. Nb5 (12. f4 Qa5
13. Ne4 Nd7 14. Qc4 f5 15. Ng5 Nxc5 16. N1f3 h6 17. Nh3 e5 $1 18. Nxe5 Nxe5 19.
fxe5 Be6 20. Qxd4 Rhd8 $17) 12... Qa5 13. f4 (13. Nxd4 Qxc5 $10) 13... Nd7 14.
Qc4 (14. Nxd4 Nxd4 15. Rxd4 Qxc5 16. Nf3 b6 $10) 14... a6 15. Nxd4 Qxc5 16.
Nxc6+ bxc6 17. Nf3 $14) 11... f6 12. Qg7+ Nf7 13. Ne4 f5 $8 14. Ng5 (14. Qf6+
Kf8 $13) 14... Qf8 15. Qc3 $16 Nfe5 (15... Bd7 16. N1f3 $16) 16. Bb5 (16. f4
Nd7 (16... d4 17. Qe1 Nf7 18. N1f3 $16) 17. Bb5 Qf6 18. Qa3 $14) 16... Qf6 17.
Ne2 h6 (17... Nd7 18. Nd4 Nxd4 19. Rxd4 h6 20. Nf3 $16) 18. Nf4 $1 hxg5 $8 19.
hxg5 Qxg5 (19... Qg7 $2 20. Rxh8 Qxh8 21. Bxc6 bxc6 22. Qxe5 $3 Qxe5 23. Nxg6+
$18) 20. Rxh8 Qxf4+ 21. Kb1 $40 Rb8 $2 (21... d4 $142 22. Qh3 Nf7 23. Qh7 Qe5
24. Rg8 Rb8 25. f4 Qxc5 (25... Qxf4 26. Bxc6 bxc6 27. Rg7 $18) (25... Qf6 26.
Bxc6 bxc6 27. Rxg6 Qh8 28. Qxh8 Nxh8 29. Rg8 Nf7 30. Rxd4 $18) 26. Bxc6 bxc6 (
26... Qxc6 27. Rg7 Qe8 28. Rxd4 $16) 27. Rg7 (27. b3 $5 $36) 27... Rxb2+ 28.
Kxb2 Qb4+ 29. Kc1 Qa3+ $10 30. Kd2 $4 Qe3#) 22. Bxc6 bxc6 23. Rdh1 d4 (23...
Nf7 24. Qg7 Bd7 25. R1h7 Be8 (25... Rxb2+ 26. Qxb2 $18) 26. Rxe8+ $18) 24. Qa5
Nf7 (24... Rxb2+ 25. Ka1 $1 $18) 25. g3 $1 Qf3 (25... Qe5 26. f4 $18) 26. Qc7+
Kf6 27. R8h7 $18 Rxb2+ 28. Kxb2 Qc3+ 29. Kb1 Qb4+ 30. Kc1 Qa3+ 31. Kd1 Qf3+ 32.
Ke1 Qe4+ 33. Kf1 Ba6+ 34. Kg1 Qe1+ 35. Kg2 Qe4+ 36. Kh2 $16 1-0

[Event "Berlin East AdW 6th"]
[Site "Berlin East"]
[Date "1989.11.22"]
[Round "2"]
[White "Tischbierek, Raj"]
[Black "Thormann, Wolfgang"]
[Result "1-0"]
[WhiteElo "2445"]
[BlackElo "2320"]
[Annotator "Syre,C"]
[PlyCount "63"]
[EventDate "1989.11.21"]
[EventType "tourn"]
[EventRounds "9"]
[EventCountry "DDR"]
[EventCategory "4"]
[SourceTitle "EXT 2008"]
[Source "ChessBase"]
[SourceDate "2007.11.25"]
[SourceVersion "1"]
[SourceVersionDate "2007.11.25"]
[SourceQuality "1"]

{SCHACH 1/1990 Seite 20} 1. e4 e6 2. d4 d5 3. Nc3 Nf6 4. Bg5 Be7 5. e5 Ng8 {
Zweifelhaft und nur als Überraschung spielbar?!} ({Der Hauptzug in diesem
klassischen System ist} 5... Nfd7 {wonach Weiß die Läufer tauschen kann, was
für ihn günstig ist. Der eigenwillige Springerrückzug vermeidet indirekt den
Läufertausch, da der Springer auf e7 ein gutes Feld haben würde.}) 6. Be3 b6 7.
Qg4 g6 8. Nf3 h5 9. Qg3 Nh6 $2 ({Mit} 9... h4 {konnte Schwarz verhindern, dass
sich Weiß einen Stützpunkt auf g5 schafft. Deshalb war 8. Sf3 ungenau und
besser durch 8. h4 zun ersetzen.}) 10. Bxh6 Rxh6 11. h4 c6 12. O-O-O Ba6 13.
Ng5 Bxf1 14. Rdxf1 Na6 $2 {Dieser Fehler ermöglicht eine Öffnung am
Königsflügel und eine Schwächung der schwarzen Bauernstruktur.} (14... Rh8 {
war notwendig.}) ({oder} 14... Nd7 $14) 15. Qf4 Bxg5 16. hxg5 Rh7 17. g4 Qe7 $2
{Danach ist Schwarz sofort verloren, wie Weiß eindrucksvoll nachweist.} (17...
Qd7 {konnte den Widerstand verlängern, den Verlust des Bauern h5 jedoch nicht
verhindern.}) 18. gxh5 gxh5 19. Ne4 $1 $18 {Der Springer ist wegen Turmverlust
nicht zu schlagen und erreicht somit das Idealfeld f6.} O-O-O 20. Nf6 Rg7 21.
Rxh5 c5 22. Rfh1 Nb4 23. Rh7 $1 Rxh7 24. Rxh7 cxd4 25. Qxd4 Nc6 26. Qc3 Qc7 27.
g6 d4 28. Qf3 Qxe5 29. Qxc6+ Kb8 30. b3 d3 31. Nd7+ Rxd7 32. Qxd7 {und erst
jetzt entschloß sich Schwarz, die Partie aufzugeben.} 1-0

[Event "Vaujany op-A 7th"]
[Site "Vaujany"]
[Date "2016.07.24"]
[Round "9"]
[White "Van Foreest, Jorden"]
[Black "Bauer, Christian"]
[Result "1-0"]
[WhiteElo "2584"]
[BlackElo "2584"]
[Annotator "Van Foreest,J"]
[PlyCount "105"]
[EventDate "2016.07.16"]
[EventType "swiss"]
[EventRounds "9"]
[EventCountry "FRA"]
[SourceTitle "CBM 174"]
[Source "ChessBase"]
[SourceDate "2016.09.13"]
[SourceVersion "1"]
[SourceVersionDate "2016.09.13"]
[SourceQuality "1"]

1. e4 {Going into this game I was in the sole lead with 7 out 8, and a draw
would almost certainly guarantee me the tournament victory. Bauer however
needed to win to have a chance for a prize, so I knew there would be a battle
ahead.} e6 2. d4 d5 3. Nc3 Nf6 4. Bg5 {Usually I play 4.e5, but there are some
tricky lines and Bauer must have prepared something. The textmove I had looked
at during the tournament, but for my girlfriend! As I remembered the lines
pretty well I decided to play it myself as well.} Be7 5. e5 Nfd7 6. Bxe7 {
6.h4 is the sharper option, but as a draw was a good result for me I decided
to play the safer approach.} Qxe7 7. f4 a6 8. Nf3 c5 9. Qd2 Nc6 10. dxc5 Nxc5
11. Bd3 {All of this is pretty old theory, and not many people go for these
lines as white anymore. White probably doesn't have much of an advantage, but
I think my position is quite safe.} O-O 12. O-O {Here is where my opening
knowledge ended.} f6 13. Ne2 $5 {I was surprised to see this was a novelty, as
this is a very standard move in the French. I want to play my knight around to
d4 which will be its best place.} (13. exf6 {is what everyone plays in this
position. I must admit that I hardly considered this move.} Qxf6 14. g3 {
Now White wants to play Rae1 and Ne5, and I think White is a tiny bit better.})
13... Nxd3 14. Qxd3 {Usually whenever Black captures the white bishop in the
French white recaptures with cxd3. White will then have a open c-file to work
with and the pawn on d3 takes some light squares onder control. In the present
position however I saw nothing wrong with taking with the queen however. Next
I want to put a knight on d4 and play my rooks to the center and I liked my
position.} Bd7 {Black develops the bishop. Sometimes he can play his bishop
around to g6 via e8 but this is not so easy to achieve.} 15. Ned4 fxe5 16. Nxe5
{The most natural way to recapture, as my goal is to trade all pieces except
for the black bishop which is not such a great piece.} (16. fxe5 {I considered
this way of recapturing briefly as I had seen a small trick which
unfortunately doesn't work.} Be8 17. Nxe6 $2 {This was my idea, but it doesn't
work.} Bg6 $1 (17... Qxe6 18. Ng5 Rxf1+ 19. Rxf1 Bg6 20. Nxe6 Bxd3 21. cxd3 Re8
22. Nc5 {and the position is very drawish}) 18. Qxd5 Bf7 19. Nfg5 {and White
seems to hold everything together, but...} Qxg5 $1 {and nothing works for
White.} 20. Rxf7 Qe3+ $1 $19) 16... Nxe5 17. fxe5 {I have finally gotten the
position that I wanted. My knight is on d4, and if I would be able to trade
all the heavy pieces I would have a nice endgame. For the moment however there
are still a couple of weak spots in my position, and Bauer tries to make use
of them.} Qb4 $5 {This attacks my pawn, and it isn't so easy to deal with this.
} (17... Rxf1+ 18. Rxf1 Bb5 {was a way to force the trade of the knight
against bishop, but Black will never be able to win the resulting positions.}
19. Nxb5 axb5 20. Qxb5 Rxa2 21. c4 dxc4 22. Qxc4 Ra8 $11) 18. Rfb1 {This move
looks very ugly, as both of my rooks are now in the corner. I didn't see how
Black could make use of this however. And next I will play c3, which will
secure my position and then bring my rooks back into play.} (18. b3 $6 Rxf1+
19. Rxf1 Bb5 20. Nxb5 axb5 {is not good for White as suddenly the pawn on a2
is very hard to defend.} 21. Ra1 Qc5+ 22. Kh1 b4 $17) (18. Qe3 {I considered
this move for a long time, but unfortunately it doesn't work.} Rxf1+ (18...
Qxb2 19. Rfb1) 19. Rxf1 Qxb2 20. Qf2 h6 21. Qf7+ Kh7 22. Nxe6 Qb6+ $1 {and
White loses a piece.}) 18... Rf4 19. c3 Qc5 20. Qd2 (20. Rf1 Bb5 {is not
advisable.}) 20... Raf8 21. Re1 {Unfortunately the desired 21.Rf1 doesn't work
as the pawn on a2 will be left hanging.} (21. Rf1 Rxf1+ 22. Rxf1 Rxf1+ 23. Kxf1
Qc4+ 24. Kf2 Qxa2) 21... Bb5 22. a3 {Black now has strengthened his position
to the maximum. His rooks are on the only open file, his bishop has found some
work and the queen also looks nice. It is however very hard for Black to do
anything next. White doesn't really have any weaknesses in his position and
only White can improve his position.} h6 (22... Rf2 {is a recommendation of
the engine. The resulting positions are probably equal, but to a human mind it
seems strange to simply give up both rooks for a queen.} 23. Qxf2 Rxf2 24. Kxf2
Bd3 $1 {This is the point. The bishop will get to e4, after which the black
queen can attack White's pawn on e5.}) 23. h3 Qe7 {Bringing the queen over to
the kingside and trying to generate some threats. However I do consider this a
small inaccuracy as now I get the opportunity to trade one pair of rooks,
which will make my position much easier to play,} (23... Rf2 {as on the
previous move is probably the best way for Black to proceed.}) 24. Re3 {
Next I will play Rf3 and trade a pair of rooks.} Qf7 (24... Qh4 25. Nxe6 Rf2 (
25... d4 26. Nxd4 Rf2 27. Qe1) 26. Qe1) 25. Rf3 Rxf3 26. Nxf3 Qf4 {Black
trades the queens, which will help me, but it wasn't so easy to suggest
anything else.} 27. Qxf4 Rxf4 28. Re1 Bd3 $6 {I do consider this Black's first
real mistake of the game. Now the trade of the rooks will be forced, and Black
will be left without any counterplay at all.} (28... Kf7 {followed by ...Ke7
seems to me as Black's best possibility. I am maybe slightly better, but Black
will always have some counterplay with his rook and the game should end in a
draw.}) 29. Nd4 Kf7 30. g3 $1 {Now Black is forced to trade the rooks.} Re4 31.
Rxe4 Bxe4 {This is basically White's dream position. The white knight is very
strong, binding the black king to the defence of the pawn on e6 and it can go
to both flanks. The black bishop also may seem like a nice piece, but in fact
it will never be able to do anything as all the white pawns will soon be on
dark squares, making it impossible for him to attack any of them and basically
making the black bishop a ghost.} 32. Kf2 g5 33. Ke3 Bg2 34. h4 {The position
is very hard to defend for Black and it might even be objectively lost. I
think that taking on h4 is the best defensive plan for Black, when Black
remains with a pawn on h6 which isn't easy to attack. Still White can improve
his position and it is very very hard for Black to keep his position together.}
Bf1 (34... gxh4 $1 35. gxh4 Bf1 36. a4 b6 (36... Ke7 37. Nb3 b6 38. a5 bxa5 39.
Nxa5 {is similar to the mainline.}) 37. b4 Ke7 38. a5 (38. Kf4 {seems logical,
but it doesn't achieve much.} Bd3 39. Kg4 Bg6 {and White doesn't book progress.
Note how compared to the game it isn't easy to attack Black on the kingside})
38... bxa5 39. Nc6+ Kf7 40. Nxa5 Kg6 41. Kf4 Kh5 {and Black should be able to
hold a draw I think:} 42. Kg3 Kg6 43. Kg4 Be2+ 44. Kf4 Kh5 45. Kg3 Kg6 46. Nb3
$1 {Now the white knight gets to d4, forcing the black king to f7 when
eventually white will get his knight to f4 making sure the black king will
never be able to get any counterplay on the kingside. When White has achieved
that his king will go to the queenside with very good winning chances.}) 35. a4
{I decided to slowly improve my position, however now I think that it is
better to take on g5 when Black constantly has to worry about my king coming
to g4.} b6 36. b3 (36. hxg5 hxg5 37. b4) 36... a5 $2 {This only helps my
position as now I can very easily make a passed pawn on the queenside with b4.}
37. Nc6 $6 {A huge mistake, I had seen the idea of b4 of course but wanted to
get an even better version, however doing this I forgot that I allow the black
king to become active.} (37. hxg5 hxg5 38. b4 {and now sooner or later White
should win the black pawn on a5 and the game.}) 37... Ke8 $2 {The decisive
mistake, as the black king won't be able to help on the queenside and
should've been trying to get some counterplay on the kingside.} (37... Kg6 $1 {
and now with Black's king becoming active it should be a draw.} 38. Nd4 Bh3 39.
Kf3 Kh5 $11) 38. hxg5 hxg5 39. b4 Kd7 40. Nd4 {Now the black position is
completely hopeless as he can't defend the king and queenside at the same time.
} Bc4 41. bxa5 $1 {A last accurate move.} (41. Kf3 {would've been a terrible
blunder after} b5 $1 {and suddenly Black creates a passed pawn on the
queenside.}) 41... bxa5 42. Kf3 {The rest is simple.} Ba6 43. Kg4 Bc8 44. Nb3
Kc6 45. Nxa5+ Kc5 46. Kxg5 Bd7 47. Kf6 Bxa4 48. g4 Kb6 {Black manages to trap
my knight, but it doesn't matter anymore as my pawns will queen.} 49. g5 Kxa5
50. g6 Bc2 51. g7 Bh7 52. Kxe6 Kb5 53. Kd6 1-0